| 000 | 01192cam a2200277 a 4500 | ||
|---|---|---|---|
| 001 | 000015053 | ||
| 005 | 20240425101655.0 | ||
| 008 | 910220s1990 ec a b f000 0 spa | ||
| 035 | _a(DLC) 91119922 | ||
| 040 |
_aDO-SdBNP _cDLC |
||
| 043 | _ae-sp--- | ||
| 082 |
_a922.2 _bV722G |
||
| 100 | 1 |
_aGonzález Zumárraga, Antonio, _d1925-2008 _934067 |
|
| 245 | 1 | 0 |
_aFray Gaspar de Villarroel, su "Govierno Eclesiástico Pacífico" y el patronato indiano / _cAntonio González Zumárraga. |
| 260 |
_aQuito : _bPresidencia de la República del Ecuador, Comisión Nacional Permanente de Conmemoraciones Cívicas, _c1990. |
||
| 300 |
_axxxii, 291 p. : _bil. ; _c21 cm. |
||
| 490 | 1 |
_aContribución al V centenario del descubrimiento de América _v8 |
|
| 504 | _aIncluye referencias bibliográficas y notas al pie de las páginas. | ||
| 504 | _aBibliografías: p. xiii-xxv. | ||
| 600 | 1 | 0 |
_aVILLARROEL, GASPAR DE, ARZOBISPO, _d1587-1665. _934068 |
| 650 | 0 |
_aIglesia y estado _934069 |
|
| 651 | 0 |
_aEspaña _xColonias _xAdministración _934070 |
|
| 830 | 0 |
_aContribución al quinto centenario del descubrimiento de América ; _v8. _934071 |
|
| 910 | _aCatalogación por copia / LC | ||
| 049 | _aBNGR | ||
| 999 |
_c14626 _d14626 |
||